00611cam a22002297a 4500003000500000005001700005008004100022010001000063011001000073035001000083040000900093082001500102100002300117245002600140260003300166300003100199490002200230500008000252650001400332650001300346830002200359CHAP20220817041732.0971013s1971 r 00010 d a22956 a23928 a28025 cCHAP a530.1bD8Y00aDuquesne, Maurice.10aMateria y antimateria aBarcelona :bOikostau,c1971 a122 p.b: ilus. ; gráfs. 0aQué sé?v; 63 ac.2 sust. por Stearns Robert L. Enfoque sobre física : física atómica14aÁtomos.14aMateria.0 aQué sé?v; 63